| 000 | 00666 a2200193 4500 | ||
|---|---|---|---|
| 020 | _a0750308230 | ||
| 020 | _a9780750308236 | ||
| 082 | 0 | 4 | _a003.54 |
| 090 |
_c493 _d493 |
||
| 100 | 1 | _aLesurf, J.C.G. | |
| 245 | 1 | 0 |
_aInformation and measurement, 2nd edition / _cJ.C.G Lesurf. |
| 250 | _a2nd ed. | ||
| 260 |
_a[S.l.] : _bTaylor & Francis, _c2001. |
||
| 300 |
_a295 p. ; _c24 cm. |
||
| 490 | 1 | _aSeries in measurement science and technology. | |
| 830 | 0 | _aSeries in measurement science and technology. | |
| 942 |
_aSNS _cBK _k003.54 LES |
||
| 999 |
_c29124 _d29124 |
||